000 00337nam a2200133 i 4500
001 bg
100 1 _aZABŁOŃSKI, Z.
245 1 0 _aOrganizacja bezpiecznej pracy w transporcie wewnętrznym /
_cZ. Zabłoński.
260 _aWarszawa,
_c1984.
040 _cBPK
041 _apol
942 _cKS
008 s pl f |000 0 pol
999 _c1167
_d1167
856 _uhttp://koha.tu.koszalin.pl/cgi-bin/koha/opac-detail.pl?biblionumber=1167
_yKatalog online BPK